Luận cứ khoa học của phát triển đào tạo sư phạm nghệ thuật, đáp ứng yêu cầu đổi mới giáo dục ở nước ta
Cơ sở lý luận về phát triển đào tạo sư phạm nghệ thuật. Hiện trạng đào tạo sư phạm nghệ thuật ở Việt Nam. Phương hướng và những giải pháp phát triển đào tạo sư phạm nghệ thuật đáp ứng yêu cầu đổi mới giáo dục ở nước ta....
Na minha lista:
| Autor principal: | |
|---|---|
| Outros Autores: | , |
| Formato: | Livro |
| Idioma: | Vietnamese |
| Publicado em: |
H.
Trường ĐH Giáo dục - Đại học Quốc Gia Hà Nội
2015
|
| Assuntos: | |
| Tags: |
Adicionar Tag
Sem tags, seja o primeiro a adicionar uma tag!
|
| Thư viện lưu trữ: | Mạng thư viện Đại học Đà Nẵng |
|---|
| LEADER | 01946nam a2200373 4500 | ||
|---|---|---|---|
| 001 | 000024698 | ||
| 003 | 21186 | ||
| 005 | 20161230091256.0 | ||
| 008 | 161223s2015 viesd | ||
| 041 | |a vie | ||
| 082 | 1 | 4 | |a 378.17 |b NG-L |
| 100 | 1 | |a Nguyễn Thị Bích Lợi | |
| 245 | 1 | |a Luận cứ khoa học của phát triển đào tạo sư phạm nghệ thuật, đáp ứng yêu cầu đổi mới giáo dục ở nước ta |c Nguyễn Thị Bích Lợi ; Đặng Bá Lãm, Trần Khánh Đức hướng dẫn |k Luận Án Tiến Sĩ | |
| 260 | |a H. |b Trường ĐH Giáo dục - Đại học Quốc Gia Hà Nội |c 2015 | ||
| 300 | |a 190 tr. |c 29 cm. | ||
| 500 | |a Luận Án Tiến sĩ Quản lý giáo dục. Chuyên ngành: Quản lý giáo dục. Mã số: 62 14 01 14 | ||
| 520 | 3 | |a Cơ sở lý luận về phát triển đào tạo sư phạm nghệ thuật. Hiện trạng đào tạo sư phạm nghệ thuật ở Việt Nam. Phương hướng và những giải pháp phát triển đào tạo sư phạm nghệ thuật đáp ứng yêu cầu đổi mới giáo dục ở nước ta. | |
| 650 | 0 | 4 | |a Giáo dục đại học |v Luận án tiến sĩ |x Sư phạm nghệ thuật |
| 653 | |a Quản lý giáo dục | ||
| 653 | |a Giáo dục đại học | ||
| 653 | |a Sư phạm nghệ thuật | ||
| 653 | |a Đổi mới giáo dục | ||
| 700 | 1 | |a Đặng Bá Lãm |c PGS.TS. |e Hướng dẫn | |
| 700 | 1 | |a Trần Khánh Đức |c PGS.TS. |e Hướng dẫn | |
| OWN | |a LSP | ||
| AVA | |a UDN50 |b LSP |d 378.17 NG-L |e available |t Error 5001 Not defined in file expand_doc_bib_avail. |f 1 |g 0 |h N |i 0 |k 1 | ||
| 999 | |a From the UDN01 | ||
| AVA | |a UDN50 |b LSP |d 378.17 NG-L |e available |t Error 5001 Not defined in file expand_doc_bib_avail. |f 1 |g 0 |h N |i 0 |k 1 | ||
| TYP | |a Monograph | ||
| TYP | |a Printed language | ||
| 980 | |a Mạng thư viện Đại học Đà Nẵng | ||